Statistics for They Shoot Pictures, Don't They? - films 301 to 320

Click here to take the quiz!

General Stats

  • This quiz has been taken 21 times
  • The average score is 7 of 20

Answer Stats

Answer% Correct
The Maltese Falcon
81%
Videodrome
63%
Freaks
56%
I Am Cuba
56%
A Separation
50%
Melancholia
50%
Nanook of the North
44%
Kings of the Road
38%
Distant Voices, Still Lives
31%
Happy Together
31%
Mr. Hulot's Holiday
31%
The World of Apu
31%
Faces
25%
Monsieur Verdoux
25%
The Time to Live and the Time to Die
25%
Army of Shadows
19%
Berlin Alexanderplatz
19%
Charulata
19%
El Verdugo
19%
Lola Montès
19%

Score Distribution

Percentile by Number Answered

Percent of People with Each Score

Your Score History

You have not taken this quiz